000 00625nam a2200229Ia 4500
003 OSt
005 20221006164055.0
006 a|||||r|||| 00| 0
007 ta
008 221006b |||||||| |||| 00| 0 eng d
024 _a514
037 _cTextual
040 _aFML
_cFML
_beng
041 _2eng
_aeng
082 _aNRV1OaND441, M9
100 _aDeva B. C Au.
245 0 _aMusical Instruments In Scupture In Karnataka
260 _aShimla
_bIndian Instituite In Advance Study
_c1989
300 _a77
_ccm.
942 _hNRV1OaND441, M9
_cTEXL
_2CC
999 _c1116154
_d1116154